| 000 | 01052nam a22003257a 4500 | ||
|---|---|---|---|
| 003 | CHAP | ||
| 005 | 20220329140122.0 | ||
| 008 | 971013s1953 r 10010 d | ||
| 010 | _a47268 | ||
| 011 | _a48240 | ||
| 035 | _a52385 | ||
| 040 | _cCHAP | ||
| 090 | _aFolleto 2119 | ||
| 111 | 0 | 0 |
_aReunión sobre Producción, Distribución y Aprovechamiento de Fertilizantes en América Latina ( _d1951 _c: Río de Janeiro) _996654 |
| 245 | _aInforme | ||
| 260 |
_aRoma : _bFAO, _c1953 |
||
| 300 | _a57 p. | ||
| 490 |
_aFAO. Cuadernos de fomento _v; 36 |
||
| 590 |
_aBATCH-UPD _b10 _c20130110 _lUCH01 _h0231 |
||
| 590 |
_aBATCH-UPD _b10 _c20130110 _lUCH01 _h1212 |
||
| 590 |
_aBATCH-UPD _b10 _c20130410 _lUCH01 _h1446 |
||
| 590 |
_aBATCH-UPD _b10 _c20130914 _lUCH01 _h1347 |
||
| 590 |
_aCONVERSION _b10 _c20130109 _lUCH01 _h1326 |
||
| 650 | 1 | 4 |
_aFertilizantes y abonos. _940646 |
| 700 | 0 |
_aDion, H. G. _932642 |
|
| 830 | 0 |
_aFAO. Cuadernos de fomento _v; 36 _939506 |
|
| 901 | _aBK | ||
| 942 | _cFOLL | ||
| 949 |
_aFolleto 2119 _bBC _cFOLL _d-116661 _eTS1 _i52385 _si |
||
| 999 |
_c47268 _d47268 |
||